Medzinárodná identita Ruskej federácie a jeho postavenie v systéme medzinárodných vzťahoch
Definovanie miesta a úlohy Ruska v novom systéme medzinárodných vzťahov a formulácia národných záujmov na medzinárodnej scéne. Geografický a kultúrny rozmer ruskej identity. Prehľad základných skupín názorov na medzinárodnú pozíciu a rolu Ruskej federácie.
Gespeichert in:
| 1. Verfasser: | |
|---|---|
| Format: | Buchkapitel |
| Sprache: | Slowakisch |
| Schlagworte: | |
| Tags: |
Keine Tags, Fügen Sie das erste Tag hinzu!
|
MARC
| LEADER | 00000naa$a2200000$$$4500 | ||
|---|---|---|---|
| 001 | 0065628 | ||
| 005 | 20240502071758.4 | ||
| 041 | 0 | |a slo | |
| 044 | |a SK | ||
| 245 | 1 | 0 | |a Medzinárodná identita Ruskej federácie a jeho postavenie v systéme medzinárodných vzťahoch |c Andrej Eštvaník |
| 520 | |a Definovanie miesta a úlohy Ruska v novom systéme medzinárodných vzťahov a formulácia národných záujmov na medzinárodnej scéne. Geografický a kultúrny rozmer ruskej identity. Prehľad základných skupín názorov na medzinárodnú pozíciu a rolu Ruskej federácie. | ||
| 610 | 2 | 0 | |a vzťahy medzinárodné |
| 610 | 2 | 0 | |a Rusko |
| 610 | 2 | 0 | |a identita |
| 610 | 2 | 0 | |a história |
| 610 | 2 | 0 | |a politika medzinárodná |
| 100 | 1 | |a Eštvaník, Andrej | |